000
00202nam a2200085 4500
100
_a
Gregorys
245
_a
Gregorys best project and kit homes. Victorian buyer's guide
260
_b
Paramatte
942
_c
BK
999
_c
10227
_d
10227